Taylor Swift Songs by the 13th Line - Statistics

General Stats
  • This quiz has been taken 593 times
  • The average score is 15 of 20
Answer Stats
Album Line Song Title % Correct
Fearless Romeo, take me somewhere we can be alone Love Story
99%
Midnights It's me, hi Anti-Hero
95%
Reputation We never had a shotgun shot in the dark Getaway Car
93%
Red You go talk to your friends, talk to my friends, talk to me We Are Never Ever Getting Back Together
93%
Lover I've loved you three summers now, honey, but I want 'em all Lover
91%
Taylor Swift Cause it's late and your mama don't know Our Song
91%
Evermore I think he did it but I just can't prove it No Body, No Crime
87%
1989 Red lips and rosy cheeks Wildest Dreams
85%
Midnights She needed cold hard proof so I gave her some Vigilante Shit
82%
Reputation And all at once, you are all I want, I'll never let you go King of My Heart
77%
Lover It's cool, that's what I tell 'em Cruel Summer
76%
Folklore Spinning in my highest heels, love Mirrorball
76%
1989 Did you have to hit me where I'm weak? Baby, I couldn't breathe Bad Blood
75%
Evermore Like you were a trophy or a champion ring Willow
74%
Speak Now Like passing notes in secrecy Enchanted
72%
Speak Now Well, I stopped pickin' up, and this song is to let you know why Dear John
70%
Folklore Don't want no other shade of blue Hoax
58%
Fearless Can't help it if I wanna kiss you in the rain, so Hey, Stephen
47%
Red We blocked the noise with the sound of "I need you" Holy Ground
37%
Taylor Swift Cause you're giving it away like it's extra change Tied Together With a Smile
30%
No matching quizzes found
Score Distribution
Percent of People with Each Score
Percentile by Number Answered
Your Score History
You have not taken this quiz